000 00742nam a22002057a 4500
999 _c258865
_d258864
003 OSt
005 20200722113215.0
008 200722b xxu||||| |||| 00| 0 eng d
010 _a96006862
020 _a0023192135
040 _cn/a
050 _aHV 6626
_b.V55 1997
245 _aViolence between intimate partners :
_b patterns, causes, and effects
_c edited by Albert P. Cardarelli.
260 _aBoston :
_bAllyn & Bacon,
_cc1997.
300 _ax, 230 p. ;
_c23 cm.
504 _aIncludes bibliographical references (p. 187-218) and index.
650 _a Wife abuse. Dating violence. Gays . Abusive men. Abused women.
_x Abuse of
700 _aCardarelli, Albert P.
942 _2lcc
_cBK